000 02145nab a2200289 a 4500
005 20241105063737.0
006 s|||||o|||| 00| 0
008 991125c2019 sp fr p o 000 0 spa d
035 _aUPN01000233537
040 _aMX-MxUPN
_bspa
_cMX-MxUPN
_eaacr2
049 _aART-E
100 1 _aAra Anel, Alba
_6- albaranel5@gmail.com
245 1 0 _aConfluencias entre la tesis posmoderna de “la muerte del sujeto” y el pensamiento de Luce Irigaray
_h[recurso electrónico en línea]
506 0 _aAcceso abierto
520 3 _aEl pensamiento posmoderno es uno de los movimientos filosóficos con más repercusión en la época actual. El feminismo de la diferencia, corriente que surge en los años 60 y 70, confluye en muchos de sus puntos con los generalmente atribuidos a la posmodernidad. En el presente artículo se ponen en diálogo ambas corrientes a partir de la revisión de algunos de los planteamientos de la teórica feminista Luce Irigaray que remiten a la posteriormente teorizada “muerte del sujeto”, uno de los ejes del pensamiento posmoderno. Esta tesis se traduce en Irigaray como la crítica a la construcción del “Hombre” como sujeto universal y central en el orden patriarcal, que define a las mujeres como su opuesto, y por lo tanto, privadas de subjetividad propia. Irigaray desafía la existencia de este sujeto universal con el llamamiento a descubrir la propia subjetividad de las mujeres como punto de partida desde el que fundar un orden simbólico alternativo. No obstante, también pueden identificarse algunas contradicciones entre ambas teorías.
650 4 _aFeminismo
_98967
650 2 _95009
_aSubjetividad
650 4 _aLenguaje
_93841
653 0 _aPosmodernidad
653 0 _aFalocentrismo
773 _gVol. 4, no. 3 (2019), p. 203-213
_tFemeris : revista multidisciplinaria de estudios de género
_x2530-2442
856 4 0 _uhttps://e-revistas.uc3m.es/index.php/FEMERIS/article/view/4936/3408
856 4 0 _uhttps://doi.org/10.20318/femeris.2019.4936
_zConsultar articulo completo
902 _aGloriaJiménez/281022
_bGloriaJiménez/281022
905 _aArticulo
942 _cART-E
999 _c205632
_d205632